| 000 | 00898nam a2200373Ia 4500 | ||
|---|---|---|---|
| 001 | 71821 | ||
| 003 | 145924 | ||
| 005 | 20250314062649.0 | ||
| 008 | ||||||n9999 ||| || || | ||
| 020 | _a9681651308 | ||
| 041 | _aspa | ||
| 082 |
_219 _a320 |
||
| 245 | 0 | _aEstudios políticos | |
| 260 |
_aMéxico : _bFondo de Cultura Económica, _c1997. |
||
| 300 | _a546p. | ||
| 490 | _aPolítica y derecho | ||
| 562 | _e4 | ||
| 650 | 0 |
_aAnálisis político _92067 |
|
| 650 |
_aANÁLISIS SOCIOLÓGICO _91987 |
||
| 650 | 0 |
_aDemocracia _91445 |
|
| 650 | 0 |
_aEstado _92991 |
|
| 650 | 0 |
_aLibertad _978582 |
|
| 650 | 0 |
_aRelaciones internacionales _9511 |
|
| 650 | 0 |
_aTeoría política _91669 |
|
| 650 | 0 |
_aGlobalización _98256 |
|
| 942 | _cBKM | ||
| 942 | _cBKM | ||
| 999 |
_c71821 _d71821 |
||
| 526 | _a4969 | ||
| 526 | _a19790 | ||
| 526 | _a104436 | ||
| 526 | _a51868 | ||
| 526 | _a1697 | ||